ბათუმის შოთა რუსთაველის სახელმწიფო უნივერსიტეტის ბიბლიოთეკა

რწმენა თავისუფლების აქტია! = Faith is an act of freedom / (ბიბ.ჩანაწერი № 58211)

000 -ლიდერი
ფიქსირებული სიგრძის საკონტროლო ველი 01170nam a22002057a 4500
003 - საკონტროლო ნომრის იდენტიფიკატორი
საკონტროლო ველი Ge_BSU
005 - ბოლო ოპერაციის თარიღი და დრო
საკონტროლო ველი 20210916113402.0
008 - ფიქსირებული სიგრძის მონაცემთა ელემენტები - ზოგადი ინფორმაცია
ფიქსირებული სიგრძის საკონტროლო ველი 210916s2020 ge ||||| |||| 00| 0 geo d
020 ## - წიგნის საერთაშორისო სტანდარტული ნომერი
International Standard Book Number 9789941819360
041 ## - ენის კოდი
Language code of text/sound track or separate title geo
080 ## - უნივერსალური ათობითი კლასიფიკაციის ინდექსი
Universal Decimal Classification number 2-184.3(479.22) რ-97
245 ## - ცნობა სათაურის შესახებ
Title რწმენა თავისუფლების აქტია! = Faith is an act of freedom /
Statement of responsibility, etc რელიგიის საკითხთა სახელმწიფო სააგენტო ; მთავარი რედაქტორი ზაზა ვაშაყმაძე.
264 ## - წარმოების, გამოცემის, დისტრიბუციის და სხვა ცნობები
გამოცემის, წარმოების, დისტრიბუციის... ადგილი თბილისი,
გამოცემის, წარმოების, დისტრიბუციის... თარიღი 2020.
300 ## - ფიზიკური აღწერა
Extent 260 გვ. :
Other physical details ფოტ. ;
Dimensions 30 სმ.
Accompanying material + 3 დაკეც. რუკა
653 ## - INDEX TERM--UNCONTROLLED
Uncontrolled term რელიგიები საქართველოში
653 ## - INDEX TERM--UNCONTROLLED
Uncontrolled term რელიგიური ორგანიზაციები საქართველოში
700 ## - ADDED ENTRY--PERSONAL NAME
Personal name ვაშაყმაძე, ზაზა
Relator term მთავარი რედაქტორი
9 (RLIN) 12483
710 ## - ADDED ENTRY--CORPORATE NAME
Corporate name or jurisdiction name as entry element რელიგიის საკითხთა სახელმწ. სააგენტო
9 (RLIN) 6269
942 ## - ADDED ENTRY ELEMENTS (KOHA)
Source of classification or shelving scheme
Koha item type წიგნი
ეგზემპლარები
ჩამოწერის სტატუსი დაკარგული ეგზემპლარის სტატუსი კლასიფიკაციის წყარო ან თაროზე გაწყობის სქემა დაზიანების სტატუსი არ გაიცემა მუდმივი მდებარეობა (დაცვის ადგილი) ამჟამინდელი ადგილსამყოფელი თაროზე განთავსების ადგილი შეძენის თარიღი ღირებულება, შესყიდვის ნორმალური ფასი სრული შენახვის შიფრი შტრიხკოდი ბოლო ოპერაციის თარიღი ეგზემპლარის მიმდევრობითი ნომერი (კეტერი?) ფასის ძალაში შესვლის თარიღი ეგზემპლარის სახეობა საჯარო შენიშვნა
          ბათუმის შოთა რუსთაველის სახელმწიფო უნივერსიტეტის მთავარი ბიბლიოთეკა ბათუმის შოთა რუსთაველის სახელმწიფო უნივერსიტეტის მთავარი ბიბლიოთეკა წიგნსაცავი 2021-09-16 20.00 2-184.3(479.22) რ-97 61690 2021-09-16 61690 2021-09-16 წიგნი 20 ლ.